Ochrana životného prostredia v rezorte stavebníctva Zborník prednášok. Tatranská Lomnica 12.-14.5.1987

Gespeichert in:
Bibliographische Detailangaben
Format: Buch
Sprache:Slowakisch
Veröffentlicht: Žilina Dom techn. ČSVTS 1987
Ausgabe:1. vyd.
Tags: Tag hinzufügen
Keine Tags, Fügen Sie das erste Tag hinzu!

MARC

LEADER 00000nam a2200000 4500
001 c024370
005 20250530131425.9
041 0 |a slo 
044 |a SK 
245 1 0 |a Ochrana životného prostredia v rezorte stavebníctva  |b Zborník prednášok. Tatranská Lomnica 12.-14.5.1987 
250 |a 1. vyd. 
264 1 |a Žilina  |b Dom techn. ČSVTS  |c 1987 
300 |a 186 s.